000 00885nam a22003257a 4500
001 BR8306172
003 BR-BrBNA
005 20230928091825.0
007 ta
008 230509b bl.||||| |||| 00| 0 por d
040 _aBR-BrBNA
_bpor
_cBiblioteca Nacional de Agricultura
041 _a(Por)
072 _aN20
_b4530
_b4650
090 _ 4530 BR8306172
100 1 _aLal, H.
100 1 _aNunes, P.F.
245 1 _aMulticultor
_bApresentado no 1. Concurso de Equipamentos Agricolas Apropriados ao Pequeno Produtor Rural
260 3 _aPetrolina, PE (Brasil):
_c1983.
300 _a36 p.
500 _a66 illus.
650 _aTECNOLOGIA APROPRIADA
650 _aPLANTIO
650 _aADUBADEIRA
650 _aEQUIPAMENTO RURAL
650 _aNIVELADORA
650 _aSEMEADEIRA
650 _aMAQUINA AGRICOLA
909 _a202309
_bLucia
_c55
_dLucia Elande
942 _cBK
999 _c35721
_d35721